| 000 | 00433nam a22001217a 4500 | ||
|---|---|---|---|
| 040 | _cNUST | ||
| 082 | _a954,WIL | ||
| 100 |
_aWilliams, Rushbrook _950448 |
||
| 245 |
_aIndia in 1924--25 / _cWilliams Rushbrook |
||
| 300 | _a435 p.; | ||
| 505 | _aExternal Relations (Page-1), The Citizen and the State (Page-47), Economics (Page-116), Some Foundation Problems (Page-229), Parties and Politics (Page-293). | ||
| 942 |
_2ddc _cBK _k954,WIL |
||
| 999 |
_c593126 _d593126 |
||